zpět

Detail výsledku týmu

Krásná Morava, Olomouc

Datum a čas kvízu

26 Celkem bodů Celkový počet nahraných bodů na tomto kvízu bez doplňovacích otázek.
11. Pořadí na kvízu Konečné umístění týmu na tomto kvízu.

Zaznamenané odpovědi

# Otázka Odpověď Body Výsledky
1. Minulý týden připravili pracov... D) šaliny 0
2. Ve čtvrtek ustála předsedkyně... Pfizergate 1
3. Slavná polská režisérka Agnies... Franz 0
4. Nedávno jsme se zmiňovali o ak... moa, Nový Zéland 0.5
5. Který český sportovec či sport... Kateřina Siniaková, smíšená čtyřhra (mix) 1
6. Tento snímek pochází z národní... Žofínský prales 0
7. Poblíž Františkových Lázní se... Soos 0
8. Tuto přírodní rezervaci najdem... Prachovské skály 0
9. Nyní se podíváme na nejdelší j... Koněpruské jeskyně 0
10. Zde vidíme výhled z rozhledny... Králický Sněžník 1